| 000 | 00717cam a22002413a 4500 | ||
|---|---|---|---|
| 001 | 4646 | ||
| 003 | PGUSA | ||
| 005 | 20140828083103.0 | ||
| 008 | 041023s2004||||xxu|||||s|||||000 1 eng d | ||
| 040 |
_aPGUSA _beng |
||
| 042 | _adc | ||
| 050 | 4 | _aPS | |
| 100 | 1 |
_aHowells, William Dean, _d1837-1920 |
|
| 245 | 1 | 0 |
_aTheir Silver Wedding Journey — Complete _h[electronic resource] / _cWilliam Dean Howells |
| 260 |
_bProject Gutenberg, _c2004 |
||
| 506 | _aPublic domain in the USA. | ||
| 516 | _aElectronic text | ||
| 653 | _aTransatlantic voyages -- Fiction | ||
| 653 | _aAmericans -- Europe -- Fiction | ||
| 830 | 0 |
_aProject Gutenberg _v4646 |
|
| 856 | 4 | 0 | _uhttp://www.gutenberg.org/ebooks/4646 |
| 942 | _cEB | ||
| 999 |
_c233975 _d233975 |
||